Manual on economic development projects.

Saved in:
Bibliographic Details
Main Author: Melnick, Julio
Corporate Author: United Nations
Format: Book
Language:English
Published: New York : United Nations, 1958.
Subjects:
LEADER 01001nam a2200265 a 4500
001 c000182516
003 CARM
005 20050421180557.0
008 861010s1958 nyua b 000 0 eng d
019 1 |a 4626343  |z 27666910  |z 58096701  |5 LACONCORD2021 
035 |a (OCoLC)2639538  |5 LACONCORD2021 
040 |a NUN  |b eng  |c NUN 
082 1 4 |a 338.91  |2 19 
100 1 |a Melnick, Julio. 
245 1 0 |a Manual on economic development projects. 
260 |a New York :  |b United Nations,  |c 1958. 
300 |a xiv, 242 p. :  |b ill. ;  |c 28 cm. 
500 |a Author: Julio Melnick. 
504 |a Includes bibliographical references. 
650 0 |a Economic development projects  |z Developing countries. 
651 0 |a Developing countries  |x Economic policy. 
710 2 |a United Nations. 
852 8 |b CARM  |h A1:AR36F0  |i D07790  |p 0249697  |f BK 
999 f f |i d87a18ee-48b5-55ec-91cb-0d2459fc62c2  |s cf9dfb01-183f-58f2-9ea2-7dfa2ae7dc8e 
952 f f |p Can circulate  |a CAVAL  |b CAVAL  |c CAVAL  |d CARM 1 Store  |e D07790  |f A1:AR36F0  |h Other scheme  |i book  |m 0249697